header

Plays in American periodicals, 1890-1918 (Record no. 221253)

MARC details
000 -LEADER
fixed length control field 01671nam a2200409Ia 4500
100 1# - MAIN ENTRY--AUTHOR NAME
Personal name Smith, Susan Harris.
245 10 - TITLE STATEMENT
Title Plays in American periodicals, 1890-1918
250 ## - EDITION STATEMENT
Edition statement 1st ed.
260 ## - PUBLICATION, DISTRIBUTION, ETC. (IMPRINT)
Place of publication New York :
Name of publisher Palgrave Macmillan,
Year of publication 2007.
300 ## - PHYSICAL DESCRIPTION
Number of Pages xvii, 224 p.
490 1# - SERIES STATEMENT
Series statement Palgrave studies in theatre and performance
650 #0 - SUBJECT ADDED ENTRY--TOPICAL TERM
Topical Term American drama
Topical Term American drama
Topical Term Journalism and literature
Topical Term American periodicals
Topical Term Literature and society
Topical Term Politics and literature
Topical Term Politics in literature.
Topical Term Social problems in literature.
856 40 - ELECTRONIC LOCATION AND ACCESS
Uniform Resource Identifier http://site.ebrary.com/lib/rucke/Doc?id=10194089

No items available.

© 2026 Rongo University
Contact us: librarian | system librarian | Rongo university